ARRUPE JESUIT UNIVERSITY

CORONAVIRUS -STOP THE SPREAD - CLEAN,DISINFECT,COVER

Witnessing to the fire : (Record no. 128992)

MARC details
000 -LEADER
fixed length control field 01152cam a2200289 a 4500
001 - CONTROL NUMBER
control field 2524014
003 - CONTROL NUMBER IDENTIFIER
control field ARRUPE
005 - DATE AND TIME OF LATEST TRANSACTION
control field 20190214090238.0
008 - FIXED-LENGTH DATA ELEMENTS--GENERAL INFORMATION
fixed length control field 930720s1994 mou 000 0 eng
010 ## - LIBRARY OF CONGRESS CONTROL NUMBER
LC control number 93027071
020 ## - INTERNATIONAL STANDARD BOOK NUMBER
International Standard Book Number 1556126662 (pbk. : alk. paper)
040 ## - CATALOGING SOURCE
Original cataloging agency DLC
Transcribing agency DLC
Modifying agency DLC
043 ## - GEOGRAPHIC AREA CODE
Geographic area code n-us-ma
050 00 - LIBRARY OF CONGRESS CALL NUMBER
Classification number BX2350.7
Item number .B45 1994
082 00 - DEWEY DECIMAL CLASSIFICATION NUMBER
Classification number 253.5/3
Edition number 20
300 ## - PHYSICAL DESCRIPTION
Dimensions 21 cm.
100 1# - MAIN ENTRY--PERSONAL NAME
Personal name Birmingham, Madeline.
9 (RLIN) 44617
245 10 - TITLE STATEMENT
Title Witnessing to the fire :
Remainder of title spiritual direction and the development of directors, one center's experience /
Statement of responsibility, etc Madeline Birmingham and William J. Connolly.
260 ## - PUBLICATION, DISTRIBUTION, ETC. (IMPRINT)
Place of publication, distribution, etc Kansas City, MO :
Name of publisher, distributor, etc Sheed & Ward,
Date of publication, distribution, etc c1994.
300 ## - PHYSICAL DESCRIPTION
Extent xii, 236 p. ;
610 20 - SUBJECT ADDED ENTRY--CORPORATE NAME
Corporate name or jurisdiction name as entry element Center for Religious Development (Cambridge, Mass.)
9 (RLIN) 44618
650 #0 - SUBJECT ADDED ENTRY--TOPICAL TERM
Topical term or geographic name as entry element Spiritual direction.
9 (RLIN) 44619
700 1# - ADDED ENTRY--PERSONAL NAME
Personal name Connolly, William J.
9 (RLIN) 44620
906 ## - LOCAL DATA ELEMENT F, LDF (RLIN)
a 7
b cbc
c orignew
d 1
e ocip
f 19
g y-gencatlg
942 ## - ADDED ENTRY ELEMENTS (KOHA)
Source of classification or shelving scheme Library of Congress Classification
Koha item type Monograph ( Printed materials)
Holdings
Withdrawn status Lost status Source of classification or shelving scheme Damaged status Not for loan Collection code Home library Current library Shelving location Date acquired Total Checkouts Full call number Barcode Date last seen Date checked out Price effective from Koha item type
    Library of Congress Classification     Main Collection ARRUPE LIBRARY ARRUPE LIBRARY Main Collection 14/02/2019 1 BX2350.7 .B45 1994 46600003757 06/03/2023 21/01/2023 14/02/2019 Monograph ( Printed materials)

 

Arrupe Library. PO Box MP320 Mt Pleasant, Harare, Zimbabwe
263 242 745411|librarian@aju.ac.zw